000 00431 a2200145 4500
999 _c7554
_d7554
020 _a9781844670864
050 _aJC 311 AND 2006
100 _aAnderson, Benedict
_eauthor
245 _aImagined communities;
_bReflectins on the origin and spread of nationalism
264 _aNew York;
_bVerso;
_c2006
300 _axv,240p.;
500 _aIncludes bibliography and index
650 _aCultural roots
942 _2lcc
_cBK
_h311
_iAND
_kJC